000
00268nam a2200097Ia 4500
008
241105s9999 xx 000 0 und d
041
_a
eng
100
_a
Vaze Angelika
_9
182604
245
_a
Yoga Resort At Cabo De Rama Fort Goa
260
_b
Final Year B. Arch, BNCA
_c
2014
999
_c
360895
_d
360895